| 000 | 00747nam a2200181Ia 4500 | ||
|---|---|---|---|
| 008 | 090124s9999 xx 000 0 und d | ||
| 082 | _b27814 | ||
| 100 | _aपानतावणे डॉ. गंगाधर | ||
| 245 | _a पत्रकार डॉ. बाबासाहेब आंबेडकर | ||
| 250 | _a1 | ||
| 260 |
_bअभिजित प्रकाशन _c1987 |
||
| 300 | _a423 | ||
| 600 | _aपानतावणे डॉ. गंगाधर | ||
| 630 | _a पत्रकार डॉ. बाबासाहेब आंबेडकर | ||
| 700 | _aपानतावणे डॉ. गंगाधर | ||
| 730 | _a पत्रकार डॉ. बाबासाहेब आंबेडकर | ||
| 942 | _cBOOK | ||
| 999 |
_c94459 _d94459 |
||